| 000 | 01026nam2a22002531 4500 | ||
|---|---|---|---|
| 001 | rc\138517 | ||
| 005 | 20250612180129.0 | ||
| 035 | _a(NLR Aleph) 008768648 | ||
| 090 |
_a7910104 _c7910104 |
||
| 100 | _a20030307d1991 |||y0rusy50 ca | ||
| 101 | 0 | _arus | |
| 102 | _aRU | ||
| 105 | _aa ||||||||| | ||
| 200 | 1 | _a[Кумитэ - стратегия атаки] | |
| 210 |
_d1991 _aБ. м. |
||
| 215 |
_a64 с. _cил. |
||
| 461 | 0 |
_1001rc\138516 _12001#$aКаратэ для чемпионов$e[В 7 вып.]$fЮ.А. Сушков, В.А. Сушков, М.Ф. Мансуров и др.$vВып. 5 _96432761 _c[Свердловск] _d1991- _fЮ.А. Сушков, В.А. Сушков, М.Ф. Мансуров и др. _nТоварищество "Урал. дело" _o[В 7 вып.] _tКаратэ для чемпионов _vВып. 5 |
|
| 606 | 1 |
_aКаратэ _2nlr_sh1 |
|
| 801 | 0 |
_aRU _bNLR _gpsbo |
|
| 801 | 1 |
_aRU _bELAR _2rusmarc |
|
| 801 | 2 |
_aRU _bNLR _c20050513 _2rusmarc |
|
| 852 |
_aNLR _j91-4/13550 |
||
| 942 | _cBOOK | ||
| 980 | _aNB | ||